| 000 | 00829nam a2200253Ia 4500 | ||
|---|---|---|---|
| 003 | GCL | ||
| 008 | 140319s9999 xx 000 0 ara d | ||
| 040 |
_aGCL / _cGCL |
||
| 082 | 0 | 4 |
_a320.90904 _bش ع |
| 100 | 1 | _aشنايدر، لويس | |
| 245 | 1 | 0 |
_aالعالم فى القرن العشرين / _cشنايدر، لويس |
| 700 | 1 | _aسعيد عبود السامرانى (مترجم) | |
| 700 | 1 | _aعطا بكرى (مراجع) | |
| 260 |
_a[S.N] : _bدار مكتبة الحياة |
||
| 300 | _a247 ص | ||
| 490 | _a | ||
| 650 | 0 | 4 | _aالاحوال السياسية |
| 650 | 0 | 4 | _aالديمقراطية |
| 650 | 0 | 4 | _aالنازية |
| 650 | 0 | 4 | _aاوربا |
| 650 | 0 | 4 | _aالحرب العالمية الاولى 1914- 1918 |
| 650 | 0 | 4 | _aالحرب العالمية الثانية 1939 - 1945 |
| 942 |
_2ddc _cBK |
||
| 999 |
_c27984 _d27984 |
||